000 00620nam a22002057a 4500
003 OSt
005 20160721134953.0
008 160721b xxu||||| |||| 00| 0 eng d
020 _a0443065268
040 _cDNLM.
082 _aWC17A65g 1999.
100 _aEdited by Mandell,L.Gerald;Wilfert,Catherine;
_910336
245 _aAtlas of Infectious Diseases.
_bVolume Xi Pedriatric Infectious Diseases.
260 _aPhiladelphia.
_bChurchill Livingstone.
_c1999.
300 _bcol,ill.
_c29cm.
504 _aincludes index.
650 _aInfectious Diseases.
_92563
651 _aPeadiatrics.
_910337
942 _2z
_cO_SHELF
999 _c4815
_d4815